| 000 | 00799nam a2200205 a 4500 | ||
|---|---|---|---|
| 003 | OSt | ||
| 005 | 20131003163314.0 | ||
| 008 | 131003s2005 ag ||||| |||| 00| 0 spa d | ||
| 040 | _cBiblioteca Medicina | ||
| 041 | _aspa | ||
| 082 | _bVARIOS 0393 | ||
| 110 |
_aMinisterio de Salud y Accion Social de la Provincia de Entre Rios _92652 |
||
| 245 | _aRegistro Provincial Poblacional de Cancer. Datos de Incidencia y Mortalidad 2001-2003 | ||
| 250 | _a1ยบ ed | ||
| 260 |
_aEntre Rios _bMinisterio de Salud y Accion Social de la Provincia de Entre Rios; _bSecretaria de Salud; _bDireccion de Epidemiologia _c2005 |
||
| 300 | _a77 p. | ||
| 653 | _aCANCER-ESTADISTICAS-2001/2003 | ||
| 942 |
_2ddc _cPH |
||
| 999 |
_c1730 _d1730 |
||
| 952 |
_40 _00 _bBFM _10 _oVARIOS 0393 _d2013-10-03 _tEj. 1 _8NFIC _70 _cCR _2ddc _yPH _aBFM |
||